Statistics for Richest North American countries

Click here to take the quiz!

General Stats

  • This quiz has been taken 40 times
  • The average score is 9 of 10

Answer Stats

GDP per capitaCountry% Correct
45 032Canada
100%
59 532USA
100%
9 342Mexico
97%
11 631Costa Rica
92%
15 038Panama
89%
16 789Barbados
86%
15 022Antigua and Barbuda
84%
17 090Saint kitts and Nevis
84%
16 165Trinidad and Tobago
73%
10 376Grenada
62%

Score Distribution

Percentile by Number Answered

Percent of People with Each Score

Your Score History

You have not taken this quiz